[Event "IECC Swiss-579.2"]
[Site "IECC email"]
[Date "2016.10.25"]
[Round "?"]
[White "Keiper, Archie"]
[Black "Wood, Simon"]
[Result "1-0"]
[WhiteElo "1785"]
[BlackElo "1438"]
[PlyCount "39"]
[EventDate "2016.??.??"]
[EventType "swiss (corr)"]
[EventRounds "1"]
[SourceTitle "Corr 2020"]
[Source "ChessBase"]
[SourceDate "2019.09.30"]
[SourceVersion "1"]
[SourceVersionDate "2019.09.30"]
[SourceQuality "1"]
[WhiteTeam "United States"]
[BlackTeam "England"]
[WhiteTeamCountry "USA"]
[BlackTeamCountry "ENG"]

1. e4 e5 2. Nf3 Nc6 3. Bb5 a6 4. Ba4 Nf6 5. Bxc6 dxc6 6. Qe2 Bd6 7. d3 0-0 8. 0-0 h6 9. Nbd2 b5 10. Nb3 Bd7 11. Be3 Qe7 12. Rfc1 c5 13. c4 b4 14. a3 Rfb8 15. h3 Bc8 16. axb4 Rxb4 17. Ra3 Rab8 18. Qc2 Bd7 19. Bd2 R8b7 20. Bxb4 1-0

[Event "P-3573"]
[Site "IECC email"]
[Date "2003.12.21"]
[Round "?"]
[White "Agnew, George"]
[Black "Wood, Simon"]
[Result "0-1"]
[WhiteElo "1098"]
[BlackElo "1360"]
[PlyCount "50"]
[EventDate "2003.??.??"]
[EventType "tourn (corr)"]
[SourceTitle "Corr 2020"]
[Source "ChessBase"]
[SourceDate "2019.09.30"]
[SourceVersion "1"]
[SourceVersionDate "2019.09.30"]
[SourceQuality "1"]
[WhiteTeam "United States"]
[BlackTeam "England"]
[WhiteTeamCountry "USA"]
[BlackTeamCountry "ENG"]

1. e4 e5 2. Nf3 Nf6 3. Nxe5 d6 4. Nf3 Nxe4 5. Bd3 Nc5 6. Qe2+ Be7 7. 0-0 0-0 8. Nc3 Re8 9. Re1 Be6 10. a3 d5 11. Nd4 Bf6 12. Nxe6 Rxe6 13. Qf1 Rxe1 14. Qxe1 Nxd3 15. cxd3 Nc6 16. b4 Qd7 17. Rb1 Re8 18. Qf1 Nd4 19. Qd1 Qf5 20. Bb2 Qxd3 21. Nxd5 Ne2+ 22. Kh1 Bxb2 23. Nxc7 Re7 24. Rxb2 Rxc7 25. Rb3 Qxb3 0-1

[Event "IECC Swiss email"]
[Site "IECC email"]
[Date "2001.03.03"]
[Round "?"]
[White "Wood, Simon"]
[Black "Maloberti, David"]
[Result "0-1"]
[WhiteElo "1306"]
[BlackElo "1995"]
[PlyCount "54"]
[EventDate "2001.??.??"]
[EventType "tourn (corr)"]
[EventRounds "6"]
[SourceTitle "Corr 2008"]
[Source "ChessBase"]
[SourceDate "2008.06.24"]
[SourceVersion "1"]
[SourceVersionDate "2008.06.24"]
[SourceQuality "1"]

1. e4 e6 2. d4 d5 3. Nc3 Bb4 4. e5 c5 5. a3 Bxc3+ 6. bxc3 Ne7 7. Nf3 Nbc6 8. Be2 Qa5 9. Bd2 c4 10. Rb1 f6 11. exf6 gxf6 12. Qc1 Rg8 13. 0-0 Ng6 14. Re1 Qc7 15. Be3 Bd7 16. Qb2 b6 17. g3 0-0-0 18. Qc1 h5 19. Bf1 h4 20. Bg2 e5 21. Bh6 hxg3 22. fxg3 e4 23. Nd2 Nce7 24. Nf1 Nf5 25. Bd2 Nfh4 26. gxh4 Nxh4 27. Ng3 Rxg3 0-1

[Event "IECC Swiss email"]
[Site "IECC email"]
[Date "2000.12.27"]
[Round "?"]
[White "Meijer, Wilmar"]
[Black "Wood, Simon"]
[Result "1-0"]
[WhiteElo "1839"]
[BlackElo "1298"]
[PlyCount "65"]
[EventDate "2000.??.??"]
[EventType "tourn (corr)"]
[EventRounds "6"]
[SourceTitle "Corr 2008"]
[Source "ChessBase"]
[SourceDate "2008.06.24"]
[SourceVersion "1"]
[SourceVersionDate "2008.06.24"]
[SourceQuality "1"]

1. e4 c5 2. Nc3 Nc6 3. g3 e6 4. Bg2 Nf6 5. d3 d5 6. Nge2 d4 7. Nb1 Be7 8. f4 e5 9. h3 b5 10. Nd2 Be6 11. f5 Bd7 12. g4 0-0 13. Nf3 h6 14. 0-0 c4 15. Ng3 c3 16. bxc3 dxc3 17. g5 Qb6+ 18. Kh1 hxg5 19. Bxg5 Rac8 20. Bxf6 Bxf6 21. Nh5 Bd8 22. Qe1 f6 23. Qg3 Rf7 24. Nh4 Nd4 25. Ng6 Nxc2 26. Qh4 Rf8 27. Nxf8 Kxf8 28. Rac1 Ne3 29. Rf3 Nxg2 30. Kxg2 Qa5 31. Rc2 Qa4 32. Rcf2 c2 33. Qg3 1-0